Χτίζοντας Win-Win Σχέσεις για τις Εταιρίες και την Ανακύκλωση / Ανταποδοτική Ανακύκλωση (Record no. 9382)
[ view plain ]
| 000 -LEADER | |
|---|---|
| fixed length control field | 01371cam a22001934a 4500 |
| 005 - ΗΜΕΡΟΜΗΝΙΑ ΚΑΙ ΩΡΑ ΤΕΛΕΥΤΑΙΑΣ ΕΝΗΜΕΡΩΣΗΣ | |
| Πεδίο ελέγχου | 20250605164359.0 |
| 008 - FIXED-LENGTH DATA ELEMENTS--GENERAL INFORMATION | |
| Πεδίο ελέγχου σταθερού μήκους | 250528s ||||||||||||||||||||||||d |
| 035 ## - SYSTEM CONTROL NUMBER | |
| System control number | 24505 |
| 040 ## - ΠΗΓΗ ΚΑΤΑΛΟΓΟΓΡΑΦΗΣΗΣ | |
| Φορέας πρωτότυπης καταλογογράφησης | MC Athens Campus Library |
| Γλώσσα καταλογογράφησης | Ελληνικά, Μοντέρνα (1453-) |
| Modifying agency | MC Athens Campus Library |
| Κανόνες περιγραφικής καταλογογράφησης | AACR2 |
| 245 1# - ΤΙΤΛΟΣ ΚΑΙ ΔΗΛΩΣΗ ΥΠΕΥΘΥΝΟΤΗΤΑΣ | |
| Τίτλος | Χτίζοντας Win-Win Σχέσεις για τις Εταιρίες και την Ανακύκλωση / Ανταποδοτική Ανακύκλωση |
| 260 ## - PUBLICATION, DISTRIBUTION, ETC. | |
| Date of publication, distribution, etc. | 2014 |
| 300 ## - PHYSICAL DESCRIPTION | |
| Extent | 34 |
| 520 ## - SUMMARY, ETC. | |
| Summary, etc. | Επιχειρήσεις και Περιβάλλον: Διαχέοντας την Ανακύκλωση στην Εταιρική Κουλτούρα, Φιλόδοξος Στόχος με Πολλές Προκλήσεις αλλά και Ευκαιρίες Ανάπτυξης, Παγκόσμια Τάση και Ελληνική Πραγματικότητα, Ευεργετικές για το Περιβάλλον αλλά και Πηγή Έλξης Πελατών, Επενδύουμε στη Σύνδεση με τη Start up Κουλτούρα, Εξωστρέφεια και Καινοτομία και Επενδύσεις και Προστιθέμενη Αξία, Ανάπτυξη των Premium Προϊόντων και Έμφαση στην Εξωστρέφεια. |
| 700 1# - ΠΡΟΣΘΕΤΗ ΑΝΑΓΡΑΦΗ--ΦΥΣΙΚΟ ΠΡΟΣΩΠΟ | |
| Personal name | Κορδελάς Δημήτρης |
| 9 (RLIN) | 9464 |
| 710 2# - ΠΡΟΣΘΕΤΗ ΑΝΑΓΡΑΦΗ--ΣΥΛΛΟΓΙΚΟ ΟΡΓΑΝΟ | |
| Corporate name or jurisdiction name as entry element | The Marketing Week |
| 9 (RLIN) | 9825 |
| 942 ## - ADDED ENTRY ELEMENTS (KOHA) | |
| Koha item type | Περιοδικά Δημοσιεύματα |
| Τύπος τεκμηρίου | Βιβλιοθήκη | Τρέχουσα τοποθεσία | Barcode | Ημερομηνία απόκτησης | Ταξιθετικό σύμβολο | Αριθμός αντιτύπου | Αρίθμηση σειρών / χρονολογία | Κατάσταση απόσυρσης | Κατάσταση χαμένου | Κατάσταση κατεστραμμένου | Μη δανεισμός | Σύνολο δανεισμών | Ημερομηνία τελευταίας εμφάνισης | Η τιμή ισχύει από |
|---|---|---|---|---|---|---|---|---|---|---|---|---|---|---|
| Περιοδικά Δημοσιεύματα | MC Athens Campus Library | MC Athens Campus Library | 9780000093813 | 05/06/2025 | MARKETING WEEK | 1 | 1450 | 05/06/2025 | 05/06/2025 |